00437nam a2200193Ia 4500003000900000008004100009040001300050040001300063041000800076100002100084245002900105250001900134260002700153260000900180300001100189300001200200490002300212490000800235IT-RoPAU120407s9999 xx 000 0 und d aIT-RoPAU cIT-RoPAU aita aAndrea Mercatali aPedagogia. Educare oggi. aBrescia - Roma aLa Scuola - Antonianum c1991 a327 p. c23,5 cm aPont. Aten. Anton. v130